[Event "46th Capablanca Memorial Open A"]
[Site "Havana CUB"]
[Date "2011.05.20"]
[Round "9.47"]
[White "Abreu Jean, Carlos Paul"]
[Black "Boada, Wiston"]
[Result "0-1"]
[BlackTitle "IM"]
[WhiteElo "2101"]
[BlackElo "2214"]
[WhiteFideId "6405525"]
[BlackFideId "3900495"]
[EventDate "2011.05.11"]

1. d4 g6 2. Nf3 Bg7 3. c4 c5 4. e3 Nf6 5. Nc3 O-O 6. Bd3 d5 7. cxd5 cxd4 8. exd4
Nxd5 9. O-O Nc6 10. Be4 e6 11. Re1 h6 12. a3 Nce7 13. Qb3 Nf6 14. Bd3 b6 15. Be3
Bb7 16. Ne5 Ned5 17. Bd2 a6 18. Rad1 Rc8 19. Ne4 Nxe4 20. Bxe4 Rc7 21. Qh3 h5
22. Nxg6 fxg6 23. Qxe6+ Rff7 24. Qxg6 Qf6 25. Qh7+ Kf8 26. Re2 Rce7 27. Bxd5
Rxe2 28. Bb4+ Ke8 29. Bxf7+ Qxf7 30. Rf1 Be4 0-1

[Event "46th Capablanca Memorial Open A"]
[Site "Havana CUB"]
[Date "2011.05.20"]
[Round "9.49"]
[White "Catala Matienzo, Ivette"]
[Black "Frometa Castillo, Zirka"]
[Result "1-0"]
[WhiteTitle "WFM"]
[BlackTitle "WGM"]
[WhiteElo "2208"]
[BlackElo "2125"]
[WhiteFideId "3506819"]
[BlackFideId "3501434"]
[EventDate "2011.05.11"]

1. d4 d5 2. Nf3 e6 3. e3 Nf6 4. Bd3 c5 5. b3 Nc6 6. Bb2 Qc7 7. a3 b6 8. O-O Bd6
9. c4 dxc4 10. bxc4 Bb7 11. Nc3 a6 12. Na4 Ne7 13. Ne5 Ng6 14. Rb1 Bxe5 15. dxe5
Nd7 16. Qc2 Bc6 17. f4 Rb8 18. Nc3 b5 19. Be4 Ne7 20. cxb5 axb5 21. Rbd1 b4 22.
Bxc6 Nxc6 23. Ne4 O-O 24. Ng5 g6 25. Rf3 bxa3 26. Bxa3 Ne7 27. Qf2 h6 28. Ne4
Nd5 29. Qh4 Kg7 30. Ng3 Rb3 31. Bc1 Qd8 32. Qh3 Rh8 33. e4 Rxf3 34. exd5 Nxe5
35. fxe5 Rb3 36. Nh5+ gxh5 37. Qxb3 exd5 38. Rxd5 Qh4 39. Qf3 Rd8 40. Qf6+ 1-0

[Event "46th Capablanca Memorial Open A"]
[Site "Havana CUB"]
[Date "2011.05.20"]
[Round "9.51"]
[White "Cueto Rodriguez, Yanet"]
[Black "Espinosa Garcia, Sandra"]
[Result "1/2-1/2"]
[WhiteTitle "WFM"]
[BlackTitle "WIM"]
[WhiteElo "2138"]
[BlackElo "2113"]
[WhiteFideId "3505294"]
[BlackFideId "3509109"]
[EventDate "2011.05.11"]

1. e4 c5 2. Nf3 Nc6 3. Bb5 g6 4. O-O Bg7 5. c3 Nf6 6. Re1 O-O 7. h3 Qc7 8. d3 d6
9. Nbd2 a6 10. Bxc6 Qxc6 11. Nf1 b5 12. Ng3 Bb7 13. Be3 Nd7 14. Qd2 Ne5 15. Nxe5
dxe5 16. Bh6 Bxh6 17. Qxh6 Qf6 18. Nf1 Rfd8 19. Re3 Qf4 20. Qxf4 exf4 21. Rf3 e5
22. g3 fxg3 23. fxg3 Rd7 24. Kf2 Rad8 25. Ke2 c4 26. dxc4 Bxe4 27. Re3 Bd3+ 28.
Ke1 bxc4 29. Nd2 Rd5 30. b3 cxb3 31. axb3 Bf5 32. Ne4 Rd3 33. Rxd3 Rxd3 34. Nf6+
Kg7 35. Rxa6 Rxc3 36. g4 Be6 37. g5 1/2-1/2

[Event "46th Capablanca Memorial Open A"]
[Site "Havana CUB"]
[Date "2011.05.20"]
[Round "9.53"]
[White "Hernandez Moya, Yuleisis"]
[Black "Mendoza Velazquez, Lorena Alejan"]
[Result "1-0"]
[WhiteTitle "WFM"]
[BlackTitle "WIM"]
[WhiteElo "2174"]
[BlackElo "2033"]
[WhiteFideId "3511685"]
[BlackFideId "5101794"]
[EventDate "2011.05.11"]

1. e4 c5 2. Nf3 a6 3. d4 cxd4 4. Nxd4 Nf6 5. Bd3 e5 6. Nb3 Nc6 7. O-O Be7 8. c4
O-O 9. Nc3 d6 10. h3 Nd4 11. Be2 Bd7 12. a3 Nc6 13. Be3 Rb8 14. Qc2 Re8 15. Rfd1
Rc8 16. Na4 Bf8 17. Nb6 Rb8 18. c5 Nd4 19. Bxd4 exd4 20. Nxd7 Qxd7 21. Rxd4 Qc6
22. Rc4 dxc5 23. Nxc5 Bxc5 24. Rxc5 Qxe4 25. Bd3 Qe6 26. Bc4 Qb6 27. Ba2 Rbd8
28. Rc1 Ne4 29. Rf5 Nd6 30. Rf3 Re7 31. Rd1 Nb5 32. Rfd3 Rde8 33. Qc4 Rc7 34.
Rd8 Kf8 35. Qe4 Re7 36. Qxh7 Qh6 37. Qf5 Qc6 38. Qh5 Qh6 39. Qd5 Rxd8 40. Qxd8+
Re8 41. Qd7 Qf6 42. a4 Na7 43. Qxb7 Nc8 44. Qb4+ Kg8 45. Rd3 Qb6 46. Qxb6 Nxb6
47. a5 Na4 48. Rd7 Re1+ 49. Kh2 Nxb2 50. Bxf7+ Kf8 51. Bg6 Re6 52. Rf7+ Kg8 53.
Rb7 Rxg6 54. Rxb2 Rg5 55. Ra2 Kf7 56. f4 Rb5 57. Kg3 Rc5 58. Kg4 g6 59. Kf3 1-0

[Event "46th Capablanca Memorial Open A"]
[Site "Havana CUB"]
[Date "2011.05.20"]
[Round "9.54"]
[White "Cordero Suarez, Greisy"]
[Black "Balanza Llama, Claudia De La C."]
[Result "1-0"]
[WhiteElo "2116"]
[BlackElo "1976"]
[WhiteFideId "3502422"]
[BlackFideId "3513165"]
[EventDate "2011.05.11"]

1. e4 g6 2. g3 c6 3. d3 d5 4. Nd2 Bg7 5. Bg2 Nf6 6. Ne2 e5 7. O-O O-O 8. h3 Na6
9. f4 exf4 10. gxf4 dxe4 11. dxe4 Nc5 12. Ng3 Qd4+ 13. Kh2 Re8 14. Qf3 h5 15.
Ne2 Qd8 16. Nc3 Ne6 17. Nc4 h4 18. Rd1 Qe7 19. e5 Nd7 20. Ne4 f6 21. Ned6 Rf8
22. Qe4 fxe5 23. fxe5 Nec5 24. Qxg6 Nxe5 25. Qh5 Nxc4 26. Nxc4 Rf5 27. Qg6 Rf6
28. Qg5 Bf5 29. Qxh4 Bxc2 30. Re1 Qc7+ 31. Kh1 Nd3 32. Bg5 Nxe1 33. Rxe1 Rf7 34.
Ne3 Bd3 35. Ng4 Qd6 36. Bh6 Qg6 37. Bxg7 Kxg7 38. Ne5 Qh6 39. Qxh6+ Kxh6 40.
Nxf7+ 1-0

[Event "46th Capablanca Memorial Open A"]
[Site "Havana CUB"]
[Date "2011.05.21"]
[Round "10.1"]
[White "Gomez Garrido, Camilo"]
[Black "Hevia Alejano, Carlos Antonio"]
[Result "1/2-1/2"]
[WhiteTitle "IM"]
[BlackTitle "FM"]
[WhiteElo "2516"]
[BlackElo "2464"]
[WhiteFideId "3507904"]
[BlackFideId "3508811"]
[EventDate "2011.05.11"]

1. e4 c5 2. Nf3 d6 3. d4 cxd4 4. Nxd4 Nf6 5. Nc3 a6 6. Bg5 e6 7. f4 Be7 8. Qf3
Nbd7 9. O-O-O Qc7 10. g4 h6 11. Bh4 b5 12. a3 g5 13. fxg5 Ne5 14. Qg3 Nfxg4 15.
g6 fxg6 16. Be2 Bxh4 17. Qxh4 Qe7 18. Qe1 Nf6 19. Rf1 Bb7 20. Nf3 Nfd7 21. Qg3
O-O-O 22. Bxb5 axb5 23. Nxb5 Nc5 24. Rxd6 Nc6 25. Rfd1 Nxe4 26. Rxd8+ Rxd8 27.
Rxd8+ Qxd8 28. Qxg6 Ng5 29. Nd2 Nd4 30. Nc3 Qf8 31. h4 Ngf3 32. Nxf3 Bxf3 33.
Kb1 Bc6 34. Qd3 e5 35. Qa6+ Kb8 36. Qb6+ Bb7 37. a4 Qf1+ 38. Ka2 Qc4+ 39. Kb1
Qf1+ 40. Ka2 Qc4+ 41. Kb1 Nc6 42. Nb5 Qf1+ 43. Ka2 Qc4+ 44. Kb1 Qxa4 45. Qc7+
Ka8 46. Nd6 Qa7 1/2-1/2

[Event "46th Capablanca Memorial Open A"]
[Site "Havana CUB"]
[Date "2011.05.21"]
[Round "10.2"]
[White "Borges Mateos, Juan"]
[Black "Otero Acosta, Diasmany"]
[Result "1/2-1/2"]
[WhiteTitle "GM"]
[BlackTitle "IM"]
[WhiteElo "2451"]
[BlackElo "2440"]
[WhiteFideId "3500160"]
[BlackFideId "3503186"]
[EventDate "2011.05.11"]

1. Nf3 d5 2. d4 Nf6 3. c4 c6 4. e3 Bf5 5. Nc3 e6 6. Nh4 Bg6 7. Qb3 Qc7 8. Nxg6
hxg6 9. g3 Nbd7 10. Bg2 Be7 11. O-O dxc4 12. Qxc4 e5 13. Qb3 O-O 14. d5 Nc5 15.
Qc2 cxd5 16. Nxd5 Nxd5 17. Bxd5 Rad8 18. e4 b6 19. Be3 Ne6 20. Rac1 Qxc2 21.
Rxc2 Bc5 22. Bxc5 Nxc5 23. b4 Ne6 24. Rc6 Rfe8 25. Kg2 Re7 26. Rfc1 Nd4 27. Rc8
Rxc8 28. Rxc8+ Kh7 29. h4 Rd7 30. Re8 Nc2 31. Rf8 g5 32. Bxf7 gxh4 33. gxh4 Nxb4
34. h5 Nd3 35. Kg3 Nf4 36. Kg4 g6 37. hxg6+ Nxg6 38. Bxg6+ Kxg6 39. Rc8 Rd2 40.
Rc6+ 1/2-1/2

[Event "46th Capablanca Memorial Open A"]
[Site "Havana CUB"]
[Date "2011.05.21"]
[Round "10.3"]
[White "Aguero Jimenez, Luis Lazaro"]
[Black "Guerra Mojena, Leandro"]
[Result "1/2-1/2"]
[WhiteTitle "IM"]
[BlackTitle "FM"]
[WhiteElo "2420"]
[BlackElo "2337"]
[WhiteFideId "3508455"]
[BlackFideId "3513602"]
[EventDate "2011.05.11"]

1. Nf3 Nf6 2. c4 g6 3. Nc3 d5 4. Qa4+ Bd7 5. Qb3 dxc4 6. Qxc4 Bg7 7. d4 O-O 8.
e4 b5 9. Nxb5 Nxe4 10. Bd3 Bc6 11. Bf4 Nd6 12. Nxd6 cxd6 13. Be2 Qa5+ 14. Bd2
Qd5 15. Rc1 Qxc4 16. Bxc4 Bxf3 17. gxf3 Nd7 18. Be3 Nb6 19. Bb3 a5 20. a3 Rab8
21. Rc2 d5 22. Ke2 Nc4 23. Bxc4 dxc4 24. Rhc1 Rfd8 25. Rxc4 Rxb2+ 26. Kf1 f5 27.
f4 Rdb8 28. Rc8+ Bf8 29. d5 Kf7 30. Rxb8 Rxb8 31. Rc5 a4 32. Ra5 Rd8 33. Rxa4
Rxd5 34. Rc4 e5 35. a4 exf4 36. Bxf4 Bd6 37. Be3 Bxh2 38. Rh4 Bd6 39. Rxh7+ Ke6
40. Bb6 Bc5 41. Rb7 Rd1+ 42. Kg2 Rb1 43. a5 Rb2 44. Rg7 Rxf2+ 45. Kg1 Bxb6 46.
Rxg6+ Ke5 47. Rxb6 Ra2 48. a6 Kf4 49. Rb4+ Kg3 50. Rb3+ Kg4 51. Rb4+ f4 52. Rb6 1/2-1/2

[Event "46th Capablanca Memorial Open A"]
[Site "Havana CUB"]
[Date "2011.05.21"]
[Round "10.6"]
[White "Delgado Ramos, Hector"]
[Black "Arenas, David"]
[Result "1-0"]
[WhiteTitle "FM"]
[BlackTitle "IM"]
[WhiteElo "2480"]
[BlackElo "2427"]
[WhiteFideId "3504824"]
[BlackFideId "4403177"]
[EventDate "2011.05.11"]

1. e4 c5 2. Nf3 d6 3. d4 cxd4 4. Nxd4 Nf6 5. Nc3 a6 6. Bc4 e6 7. Bb3 b5 8. O-O
Be7 9. Qf3 Qc7 10. Qg3 O-O 11. Bh6 Ne8 12. Rad1 Bd7 13. f4 Nc6 14. Nxc6 Qxc6 15.
f5 Qb6+ 16. Kh1 Bf6 17. fxe6 fxe6 18. e5 Be7 19. Nd5 Rxf1+ 20. Rxf1 exd5 21.
Bxd5+ Kh8 22. Rf7 gxh6 23. Rxe7 1-0

[Event "46th Capablanca Memorial Open A"]
[Site "Havana CUB"]
[Date "2011.05.21"]
[Round "10.8"]
[White "Ortega Amarelle, Mariano"]
[Black "Luther, Thomas"]
[Result "1/2-1/2"]
[WhiteTitle "FM"]
[BlackTitle "GM"]
[WhiteElo "2417"]
[BlackElo "2525"]
[WhiteFideId "3504301"]
[BlackFideId "4611420"]
[EventDate "2011.05.11"]

1. d4 d5 2. c4 e6 3. Nf3 Nf6 4. g3 dxc4 5. Bg2 a6 6. O-O Nc6 7. e3 Bd7 8. Qe2 b5
9. b3 cxb3 10. axb3 Be7 11. Bd2 O-O 12. Rc1 Nd5 13. Nc3 Nxc3 14. Bxc3 Ra7 1/2-1/2

[Event "46th Capablanca Memorial Open A"]
[Site "Havana CUB"]
[Date "2011.05.21"]
[Round "10.9"]
[White "Wohl, Aleksandar H."]
[Black "Oms Pallisse, Josep"]
[Result "1/2-1/2"]
[WhiteTitle "IM"]
[BlackTitle "GM"]
[WhiteElo "2411"]
[BlackElo "2501"]
[WhiteFideId "3200345"]
[BlackFideId "2205521"]
[EventDate "2011.05.11"]

1. Nf3 Nf6 2. g3 b6 3. Bg2 Bb7 4. O-O e6 5. c4 c5 6. Nc3 Be7 7. d4 cxd4 8. Qxd4
d6 9. Rd1 a6 10. b3 Nbd7 11. Bb2 O-O 12. Ng5 Bxg2 13. Kxg2 Rc8 14. Nce4 h6 15.
Nf3 Rc6 16. Qd3 Qa8 17. Nxf6+ Nxf6 18. e4 Rcc8 19. Re1 b5 20. cxb5 axb5 21. Nd4
b4 22. Nb5 d5 23. e5 Ne4 24. f3 Nc5 25. Qe2 Qc6 26. Nd4 Qc7 27. Qa6 Qb8 1/2-1/2

[Event "46th Capablanca Memorial Open A"]
[Site "Havana CUB"]
[Date "2011.05.21"]
[Round "10.12"]
[White "Martinez Duanny, Lelys Stanley"]
[Black "Quesada Perez, Yasser"]
[Result "1/2-1/2"]
[WhiteTitle "GM"]
[BlackTitle "FM"]
[WhiteElo "2452"]
[BlackElo "2401"]
[WhiteFideId "3504727"]
[BlackFideId "3509362"]
[EventDate "2011.05.11"]

1. e4 c5 2. Nf3 d6 3. d4 cxd4 4. Nxd4 Nf6 5. Nc3 Bd7 6. Be2 e6 7. O-O Nc6 8. Be3
Be7 9. f4 O-O 10. Kh1 Qc7 11. a4 Nxd4 12. Qxd4 e5 13. Qd3 Be6 14. Nd5 Bxd5 15.
exd5 Nd7 16. a5 exf4 17. Bxf4 Bf6 18. Qc4 Qxc4 19. Bxc4 Be5 20. Bb5 Bxf4 21.
Rxf4 Ne5 22. Rb4 Rac8 23. c3 Rc7 24. Kg1 f5 25. Re1 Rc5 26. Bf1 Rf7 27. a6 b6
28. Rd4 Re7 29. Re3 Kf7 30. b4 Rc8 31. c4 Rec7 32. Rc3 Kf6 33. Be2 g6 34. Kf2 1/2-1/2

[Event "46th Capablanca Memorial Open A"]
[Site "Havana CUB"]
[Date "2011.05.21"]
[Round "10.13"]
[White "Rodriguez Garcia, Victor"]
[Black "Quesada Vera, Liordis"]
[Result "1-0"]
[WhiteTitle "FM"]
[BlackTitle "FM"]
[WhiteElo "2331"]
[BlackElo "2438"]
[WhiteFideId "3506320"]
[BlackFideId "3507009"]
[EventDate "2011.05.11"]

1. e4 e5 2. Nf3 Nc6 3. Bb5 a6 4. Ba4 Nf6 5. d3 b5 6. Bb3 Bb7 7. O-O Bc5 8. Nc3
d6 9. a4 Na5 10. Ba2 b4 11. Ne2 O-O 12. Ng3 d5 13. Qe2 Re8 14. Bg5 Be7 15. Nf5
Bf8 16. Bxd5 Bxd5 17. exd5 h6 18. Bh4 e4 19. dxe4 g5 20. Bg3 Nxe4 21. Qd3 Nc5
22. Qd4 Re4 23. Nxh6+ Kh7 24. Qh8+ Kg6 25. Ne5+ Rxe5 26. Bxe5 Bxh6 27. Qxd8 Rxd8
28. Bxc7 Nab7 29. Bxd8 Nxd8 30. c3 b3 31. Rfd1 Kf5 32. Rd4 Bg7 33. Rb4 Be5 34.
Rd1 Ndb7 35. h4 gxh4 36. Rxh4 Bf6 37. Rc4 Ke5 38. d6 Ke6 39. d7 Bd8 40. Rcd4 a5
41. Re1+ Kf6 42. Re8 Ne6 43. Rd5 Nc7 44. Rd3 Ne6 45. Rf3+ Kg7 46. Rf5 Bc7 47.
Rb5 Nbd8 48. Rxb3 f6 49. Rb5 Kf7 50. b4 Nf8 51. Rd5 Nde6 52. d8=Q 1-0

[Event "46th Capablanca Memorial Open A"]
[Site "Havana CUB"]
[Date "2011.05.21"]
[Round "10.14"]
[White "Linares Napoles, Oleiny"]
[Black "Soppe, Guillermo"]
[Result "0-1"]
[WhiteTitle "WGM"]
[BlackTitle "IM"]
[WhiteElo "2319"]
[BlackElo "2430"]
[WhiteFideId "3504794"]
[BlackFideId "100323"]
[EventDate "2011.05.11"]

1. Nf3 Nf6 2. c4 e6 3. g3 d5 4. Bg2 Be7 5. O-O O-O 6. b3 c5 7. e3 Nc6 8. Bb2
dxc4 9. bxc4 Qb6 10. Qc1 Rd8 11. Rd1 Bd7 12. Nc3 Rac8 13. Rb1 Qc7 14. d3 a6 15.
Ba1 Be8 16. a3 Rb8 17. Qb2 b5 18. cxb5 axb5 19. Ne4 b4 20. Rbc1 bxa3 21. Nxf6+
gxf6 22. Qxa3 Qa5 23. Qc3 Qxc3 24. Rxc3 Nb4 25. Ne1 Kf8 26. Bf3 Bb5 27. Kg2 Rb6
28. Be2 Ra6 29. Bf1 Ra2 30. d4 Bc6+ 31. Kg1 cxd4 32. exd4 Bd5 33. Re3 Rc8 34.
Re2 Ra3 35. Bb2 Rb3 36. Ra1 Rb8 37. Ba3 Nc6 38. Bxe7+ Kxe7 39. Bg2 Nxd4 40. Rd2
Bxg2 41. Kxg2 Nf5 42. Nf3 Rb2 43. Ra7+ R2b7 44. Ra5 Kf8 45. Nd4 Ne7 46. Rda2 Kg7
47. Ra7 Kg6 0-1

[Event "46th Capablanca Memorial Open A"]
[Site "Havana CUB"]
[Date "2011.05.21"]
[Round "10.15"]
[White "Nogueiras Santiago, Jesus"]
[Black "de Francesco, Klaus"]
[Result "1/2-1/2"]
[WhiteTitle "GM"]
[BlackTitle "FM"]
[WhiteElo "2565"]
[BlackElo "2312"]
[WhiteFideId "3500020"]
[BlackFideId "4613945"]
[EventDate "2011.05.11"]

1. c4 e6 2. e4 d5 3. exd5 exd5 4. d4 Nf6 5. Nc3 Be7 6. Nf3 O-O 7. Bd3 dxc4 8.
Bxc4 Nbd7 9. O-O Nb6 10. Bb3 c6 11. Re1 Nbd5 12. a3 Re8 13. h3 Qd6 14. Bd2 Bd7
15. Re5 Be6 16. Ng5 Nxc3 17. bxc3 Bxb3 18. Qxb3 Nd5 19. Ne4 Qd7 20. c4 Nc7 21.
d5 1/2-1/2

[Event "46th Capablanca Memorial Open A"]
[Site "Havana CUB"]
[Date "2011.05.21"]
[Round "10.17"]
[White "Abreu Delgado, Aryam"]
[Black "Martinez Lopez, Ivan"]
[Result "1-0"]
[WhiteTitle "GM"]
[WhiteElo "2485"]
[BlackElo "2287"]
[WhiteFideId "3502589"]
[BlackFideId "2219409"]
[EventDate "2011.05.11"]

1. e4 d5 2. exd5 Qxd5 3. Nc3 Qa5 4. d4 c6 5. Bd2 Bf5 6. g4 Bg6 7. f4 e6 8. Qe2
Ne7 9. Bg2 Qa6 10. O-O-O Qxe2 11. Ngxe2 Nd7 12. Ng3 Nf6 13. h3 O-O-O 14. Rhf1 h6
15. Nce2 Ned5 16. f5 exf5 17. Nxf5 Bxf5 18. Rxf5 Bd6 19. Nc3 Bb4 20. Nxd5 Bxd2+
21. Kxd2 cxd5 22. Re1 Rd7 23. Bf3 Kd8 24. h4 Re8 25. Rxe8+ Kxe8 26. g5 hxg5 27.
hxg5 Nh7 28. Bxd5 g6 29. Re5+ Kd8 30. Ke3 b6 31. c4 Re7 32. Rxe7 Kxe7 33. Kf4 f6
34. gxf6+ Kxf6 35. Bf3 Ng5 36. Bg4 Nf7 37. Ke4 Nh6 38. Bc8 Ke7 39. b4 Kd8 40.
Be6 g5 41. d5 g4 42. d6 1-0

[Event "46th Capablanca Memorial Open A"]
[Site "Havana CUB"]
[Date "2011.05.21"]
[Round "10.18"]
[White "Fernandez Cardoso, Alexey"]
[Black "Ordaz Valdes, Lisandra Teresa"]
[Result "1-0"]
[WhiteTitle "FM"]
[BlackTitle "WIM"]
[WhiteElo "2473"]
[BlackElo "2348"]
[WhiteFideId "3504379"]
[BlackFideId "3506940"]
[EventDate "2011.05.11"]

1. e4 e5 2. Nf3 Nc6 3. Bb5 a6 4. Ba4 Nf6 5. O-O b5 6. Bb3 Bc5 7. c3 d6 8. d4 Bb6
9. dxe5 Nxe5 10. Nxe5 dxe5 11. Qxd8+ Kxd8 12. Bxf7 Rf8 13. Bd5 Nxd5 14. exd5 Bb7
15. Bg5+ Kd7 16. Nd2 h6 17. Be3 Bxe3 18. fxe3 Rxf1+ 19. Rxf1 Bxd5 20. e4 Bg8 21.
Rd1 Kc6 22. Nf3 Re8 23. Kf2 Bxa2 24. Ra1 Bf7 25. Rxa6+ Kd7 26. Ke3 g6 27. Rf6
Ke7 28. Rc6 Kd7 29. Rc5 b4 30. Nxe5+ Kd6 31. Kd4 1-0

[Event "46th Capablanca Memorial Open A"]
[Site "Havana CUB"]
[Date "2011.05.21"]
[Round "10.20"]
[White "Camacho Martinez, Guillermo"]
[Black "Gongora Reyes, Maikel"]
[Result "1/2-1/2"]
[WhiteTitle "FM"]
[BlackTitle "IM"]
[WhiteElo "2336"]
[BlackElo "2452"]
[WhiteFideId "3502520"]
[BlackFideId "3503208"]
[EventDate "2011.05.11"]

1. d4 Nf6 2. c4 e6 3. Nf3 c5 4. d5 exd5 5. cxd5 d6 6. Nc3 g6 7. h3 Bg7 8. e4 O-O
9. Bd3 b5 10. Nxb5 Re8 11. O-O Nxe4 12. Qb3 a6 13. Na3 Nd7 14. Nc4 Qc7 15. Re1
Nef6 16. Rxe8+ Nxe8 17. Bd2 Bb7 18. Ba5 Qc8 19. Ne3 Rb8 20. Bc3 Ndf6 21. Ng5 Qd8
22. Ne4 Nxe4 23. Bxe4 Nf6 24. Bf3 Qc7 25. Qc4 Nd7 26. Bxg7 Kxg7 27. Qc3+ f6 28.
Bg4 Nf8 29. b4 Bc8 30. bxc5 Qxc5 31. Qxc5 dxc5 32. Bxc8 Rxc8 33. Rb1 f5 34. Nc4
Rd8 35. d6 Nd7 36. Re1 Kf6 37. Re7 h5 38. f4 Nb8 39. Rc7 Nd7 40. Kf2 Ke6 41. Ke3
Rb8 42. Kd3 Rb4 43. Kc3 Rb1 44. Ra7 Rc1+ 45. Kb3 Rb1+ 46. Kc2 Rb4 47. Kc3 Nb6
48. Nxb6 Rxb6 49. d7 Ke7 50. g3 h4 51. gxh4 Rb4 52. Rxa6 Rxf4 53. Rxg6 Rxh4 54.
Rg7+ Kd8 55. Rf7 Rxh3+ 56. Kc4 Ra3 57. Rxf5 1/2-1/2

[Event "46th Capablanca Memorial Open A"]
[Site "Havana CUB"]
[Date "2011.05.21"]
[Round "10.22"]
[White "Perez Garcia, Rodney"]
[Black "Girones Barrios, Yans Richard"]
[Result "1/2-1/2"]
[WhiteTitle "IM"]
[WhiteElo "2440"]
[BlackElo "2221"]
[WhiteFideId "3500918"]
[BlackFideId "3506142"]
[EventDate "2011.05.11"]

1. e4 e5 2. Nf3 Nc6 3. Bc4 Nf6 4. d3 Bc5 5. c3 d6 6. O-O O-O 7. Bb3 a6 8. Re1
Ba7 9. h3 h6 10. Nbd2 Nh5 11. Nf1 Qf6 12. Be3 Nf4 13. Kh2 Ne7 14. Ng1 Neg6 15.
g3 Ne6 16. Qf3 Qxf3 17. Nxf3 f5 18. exf5 Rxf5 19. Kg2 Kh8 20. Bxa7 Rxa7 21. d4
Ng5 1/2-1/2

[Event "46th Capablanca Memorial Open A"]
[Site "Havana CUB"]
[Date "2011.05.21"]
[Round "10.25"]
[White "Ruiz Sanchez, Orlen"]
[Black "Osorio, Fernando"]
[Result "1-0"]
[WhiteTitle "FM"]
[WhiteElo "2392"]
[BlackElo "2208"]
[WhiteFideId "3506231"]
[BlackFideId "3901114"]
[EventDate "2011.05.11"]

1. e4 c5 2. Nc3 Nc6 3. Bb5 g6 4. Bxc6 dxc6 5. d3 Bg7 6. Be3 b6 7. Nge2 Nf6 8. h3
e5 9. Qd2 Be6 10. b3 Nd7 11. Bh6 Bxh6 12. Qxh6 Qe7 13. a4 a5 14. f4 f6 15. O-O
O-O-O 16. Nd1 Rhg8 17. Ne3 Qg7 18. Qxg7 Rxg7 19. Rf2 Kc7 20. Raf1 Re8 21. f5
gxf5 22. Nxf5 Bxf5 23. Rxf5 Reg8 24. g4 Rg5 25. Ng3 Rxf5 26. Rxf5 Rg5 27. Rf1
Kd6 28. Kf2 Ke6 29. Ke3 Rg8 30. Rf5 Rg5 31. Kf3 b5 32. Ke3 Rg8 33. Ne2 c4 34.
bxc4 bxc4 35. d4 Rg5 36. Rxg5 fxg5 37. dxe5 Kxe5 38. Nd4 Kd6 39. Nf3 h6 40. Kd4
Nb6 41. e5+ Ke6 42. Nd2 Nxa4 43. Nxc4 c5+ 44. Kd3 Kd7 45. c3 Kc7 46. e6 Kd8 47.
Kc2 Ke7 48. Kb3 Nxc3 49. Kxc3 a4 50. Kd3 Kxe6 51. Ke4 Kf6 52. Kd5 h5 53. Kd6
hxg4 54. hxg4 Kf7 55. Kxc5 Ke6 56. Kd4 Kf6 57. Kd5 Kf7 58. Ke5 Kg6 59. Ke6 Kg7
60. Kf5 Kf7 61. Kxg5 Kg7 62. Na3 Kf7 63. Kh6 1-0

[Event "46th Capablanca Memorial Open A"]
[Site "Havana CUB"]
[Date "2011.05.21"]
[Round "10.26"]
[White "Pulvett, Daniel"]
[Black "Jimenez Fraga, Pedro Alejandro"]
[Result "0-1"]
[WhiteTitle "IM"]
[BlackTitle "FM"]
[WhiteElo "2282"]
[BlackElo "2473"]
[WhiteFideId "3900410"]
[BlackFideId "3508188"]
[EventDate "2011.05.11"]

1. e4 c5 2. Nf3 d6 3. d4 cxd4 4. Nxd4 Nf6 5. Nc3 a6 6. Bc4 e6 7. Bb3 Be7 8. g4
h6 9. Be3 b5 10. f3 Bd7 11. a4 Nc6 12. axb5 Nxd4 13. Qxd4 axb5 14. O-O O-O 15.
Ra7 Rxa7 16. Qxa7 Bc6 17. Ra1 Nd7 18. Ra6 Qc8 19. Ra5 Bd8 20. Ra1 Ne5 21. Kg2
Bf6 22. Rd1 Rd8 23. Qb6 Rd7 24. Ne2 Qa8 25. Bc1 d5 26. f4 dxe4 27. Rxd7 Nxd7 28.
Qe3 Be7 29. g5 hxg5 30. fxg5 g6 31. h4 Nc5 32. h5 Nxb3 33. cxb3 gxh5 34. Ng3 Qd8
35. Nxh5 Qd1 36. Nf6+ Kg7 37. Qa7 Qf3+ 38. Kg1 0-1

[Event "46th Capablanca Memorial Open A"]
[Site "Havana CUB"]
[Date "2011.05.21"]
[Round "10.27"]
[White "Guerra Mendez, Jose Angel"]
[Black "Tovio, Israel"]
[Result "1-0"]
[WhiteTitle "IM"]
[BlackTitle "FM"]
[WhiteElo "2472"]
[BlackElo "2297"]
[WhiteFideId "3508129"]
[BlackFideId "4402049"]
[EventDate "2011.05.11"]

1. e4 c5 2. Nf3 d6 3. d4 cxd4 4. Nxd4 Nf6 5. Nc3 a6 6. Bc4 e6 7. Bb3 b5 8. O-O
Be7 9. Qf3 Qc7 10. Qg3 Nc6 11. Nxc6 Qxc6 12. Re1 Bb7 13. a3 Rd8 14. Bg5 O-O 15.
Rad1 Nh5 16. Qh4 Bxg5 17. Qxg5 Nf6 18. f3 Rd7 19. Rd3 Rfd8 20. Red1 Qc5+ 21. Qe3
Qxe3+ 22. Rxe3 d5 23. exd5 Nxd5 24. Bxd5 Bxd5 25. Red3 Kf8 26. Kf2 Ke7 27. Ke3
Bc6 28. Rxd7+ Rxd7 29. Rxd7+ Kxd7 30. Ne4 Bxe4 31. fxe4 Kd6 32. c4 Kc5 33. cxb5
Kxb5 34. b3 h5 35. Kd4 f6 36. Kc3 h4 37. Kd4 g5 38. h3 a5 39. Kc3 Kc5 40. Kd3
Kb5 41. Kd4 Kc6 42. Kc4 Kb6 43. b4 axb4 44. Kxb4 f5 45. exf5 exf5 46. Kc4 g4 47.
Kd4 gxh3 48. gxh3 1-0

[Event "46th Capablanca Memorial Open A"]
[Site "Havana CUB"]
[Date "2011.05.21"]
[Round "10.28"]
[White "Gomez Fontal, Felix Manuel"]
[Black "Miranda Llanes, Yerisbel"]
[Result "1-0"]
[WhiteTitle "IM"]
[BlackTitle "WFM"]
[WhiteElo "2417"]
[BlackElo "2226"]
[WhiteFideId "3500357"]
[BlackFideId "3507700"]
[EventDate "2011.05.11"]

1. d4 d5 2. Nf3 Nf6 3. c4 c6 4. e3 Bg4 5. cxd5 cxd5 6. Nc3 Nc6 7. Qb3 Rb8 8. Ne5
e6 9. Bb5 Bd6 10. Qa4 Bxe5 11. dxe5 Ne4 12. Bxc6+ bxc6 13. Qxc6+ Qd7 14. Qxd7+
Kxd7 15. Na4 Ng5 16. h4 Ne4 17. f3 Ng3 18. Rg1 Bf5 19. Kf2 Bc2 20. b3 Nf5 21.
Ba3 Nxh4 22. Rac1 Bg6 23. Nc5+ Kd8 24. e4 dxe4 25. fxe4 1-0